Algal culturing techniques (Record no. 139099)

MARC details
000 -LEADER
fixed length control field 00358nam a2200145Ia 4500
008 - FIXED-LENGTH DATA ELEMENTS--GENERAL INFORMATION
fixed length control field 230917s9999||||xx |||||||||||||| ||und||
040 ## - CATALOGING SOURCE
-- 114185
Original cataloging agency VIVEKANANDA LIBRARY
041 ## - Language
-- English
082 ## - DDC NUMBER
Classification number 589.3 A31A
100 ## - MAIN ENTRY--PERSONAL NAME
Personal name Andersen, Robert A
245 #0 - TITLE STATEMENT
Title Algal culturing techniques
260 ## - PUBLICATION, DISTRIBUTION, ETC. (IMPRINT)
Place of publication, distribution, etc Burlinton
Name of publisher, distributor, etc Academic Press
Date of publication, distribution, etc 2005
300 ## - PHYSICAL DESCRIPTION
Pages 578 p.
942 ## - ADDED ENTRY ELEMENTS (KOHA)
Koha item type Books
Holdings
Withdrawn status Lost status Damaged status Not for loan Location (home branch) Sublocation or collection (holding branch) Date acquired Koha issues (times borrowed) Koha full call number Accession No. Koha date last seen Koha item type
        VIVEKANANDA LIBRARY VIVEKANANDA LIBRARY 03/04/2008 1 589.3 A31A 242096 19/01/2024 Books
© Designed and Maintained by Vivekananda Library, MDU Rohtak